[Event "Monastir Slama Memorial"]
[Site "Monastir"]
[Date "2024.09.08"]
[Round "9"]
[White "Boulaares, Adam"]
[Black "Araoune, Saadi"]
[Result "0-1"]
[WhiteElo "1879"]
[BlackElo "2116"]
[PlyCount "73"]
[EventDate "2024.09.02"]
[EventType "swiss"]
[EventRounds "9"]
[EventCountry "TUN"]
[SourceTitle "CB38_2024"]
[SourceDate "2024.09.18"]
[SourceVersion "1"]
[SourceVersionDate "2024.09.18"]
[SourceQuality "1"]

1. e4 c6 2. d4 d5 3. e5 c5 4. dxc5 e6 5. Be3 Nd7 6. Bb5 Ne7 7. b4 Nf5 8. Nf3 Nxe3 9. fxe3 a5 10. c3 Be7 11. Nbd2 0-0 12. 0-0 Qc7 13. Bxd7 Bxd7 14. e4 b6 15. a4 axb4 16. cxb4 bxc5 17. b5 c4 18. Qc2 Rfc8 19. Kh1 Qc5 20. Rfc1 Ra7 21. Rcb1 Qb6 22. Ra2 Rca8 23. Rba1 Ra5 24. h3 h6 25. Qc3 Bc5 26. Qc2 Qa7 27. Nb1 Bxb5 28. exd5 exd5 29. Nc3 Bc6 30. Qf5 Qe7 31. Rd2 Qe6 32. Qf4 d4 33. Nxd4 Qxh3+ 34. Qh2 Qxc3 35. Nxc6 Rxa4 36. Rxa4 Rxa4 37. Qf4 0-1

[Event "Monastir Slama Memorial"]
[Site "Monastir"]
[Date "2024.09.05"]
[Round "5"]
[White "Araoune, Saadi"]
[Black "Hbacha, Achraf"]
[Result "0-1"]
[WhiteElo "2116"]
[BlackElo "2126"]
[PlyCount "121"]
[EventDate "2024.09.02"]
[EventType "swiss"]
[EventRounds "9"]
[EventCountry "TUN"]
[SourceTitle "CB38_2024"]
[SourceDate "2024.09.18"]
[SourceVersion "1"]
[SourceVersionDate "2024.09.18"]
[SourceQuality "1"]

1. d4 d5 2. c4 e6 3. Nc3 c6 4. e3 Bd6 5. Nf3 Nf6 6. Be2 0-0 7. 0-0 Nbd7 8. b3 Qe7 9. Bb2 dxc4 10. bxc4 e5 11. Re1 Re8 12. a4 e4 13. Nd2 Nf8 14. f3 exf3 15. Bxf3 Qc7 16. Nf1 Be6 17. Qe2 Rad8 18. e4 Bb4 19. e5 Bc8 20. Ne3 Qa5 21. Qc2 N6d7 22. c5 Ne6 23. Rad1 Nxd4 24. Rxd4 Nxe5 25. Rxd8 Qxd8 26. Be4 Bxc5 27. Kh1 Qh4 28. g3 Qh5 29. Ng2 Bg4 30. Nb1 Nf3 31. Bxh7+ Kf8 32. Rxe8+ Kxe8 33. Nf4 Qh6 34. Bc1 g5 35. h4 gxf4 36. Bxf4 Qe6 37. Qe4 Nd4 38. Qxe6+ Nxe6 39. Be5 Ke7 40. Kg2 Bd4 41. Bb8 a5 42. Bc2 b5 43. Nd2 Be3 44. Nb3 Nd4 45. Nxd4 Bxd4 46. Bc7 Bc3 47. Kf2 Kd7 48. Bb6 Kd6 49. Ke3 Be6 50. h5 Ke7 51. h6 Kf8 52. Bd4 Bxd4+ 53. Kxd4 Ba2 54. Ke5 b4 55. Bd3 c5 56. g4 c4 57. Be4 c3 58. Kf6 Kg8 59. g5 Bc4 60. Ke5 b3 61. Kd4 0-1

[Event "Monastir Slama Memorial"]
[Site "Monastir"]
[Date "2024.09.03"]
[Round "2"]
[White "Araoune, Saadi"]
[Black "Ben Amor, Meriem"]
[Result "1-0"]
[WhiteElo "2116"]
[BlackElo "1733"]
[PlyCount "75"]
[EventDate "2024.09.02"]
[EventType "swiss"]
[EventRounds "9"]
[EventCountry "TUN"]
[SourceTitle "CB38_2024"]
[SourceDate "2024.09.18"]
[SourceVersion "1"]
[SourceVersionDate "2024.09.18"]
[SourceQuality "1"]

1. d4 Nf6 2. c4 e6 3. Nf3 d5 4. Nc3 Bb4 5. cxd5 exd5 6. Bg5 h6 7. Bh4 g5 8. Bg3 Ne4 9. Nd2 Bxc3 10. bxc3 Nxg3 11. hxg3 c6 12. e3 Bf5 13. c4 Nd7 14. cxd5 cxd5 15. Qb3 Nb6 16. a4 Rb8 17. a5 Nc8 18. Bb5+ Kf8 19. Nf3 f6 20. 0-0 h5 21. Bd3 Qd7 22. Bxf5 Qxf5 23. Qb1 Qe6 24. Qg6 Qd6 25. Rfc1 Ne7 26. Qc2 Qe6 27. Re1 h4 28. e4 hxg3 29. fxg3 Rc8 30. Qd3 Qg4 31. exd5 Nxd5 32. Rac1 Rxc1 33. Rxc1 Kg7 34. Qb5 Qe6 35. Qxb7+ Kh6 36. Re1 Qd6 37. Kf2 Rb8 38. Rh1+ 1-0